01369nam a2200337Ia 450000500170000000800410001702000180005808200170007610000250009324501570011825000450027530000730032049000160039350000210040953400280043065000330045865000350049165000460052665000290057270000360060170000390063770000400067694200120071626400310072833600270075933700330078633800280081904000350084799900150088295201340089720220317001453.0161108s2012 s ao g 000 0 s  a978849892467104a321.03bB87i1 aBurbank, Janed1946-10aImperiosbuna nueva visión de la historia universalcJane Burbank y Frederick Cooper ; traducción castellana de Juan Rabasseda y Teófilo de Lozoya aPrimera edición, tercera reimpresión a699 páginasbilustraciones, fotografías en blanco y negroc23 cm aSerie mayor aIncluye índice tEmpires in word history142LEMBaImperialismoxHistoria142LEMBaColonizaciónxHistoria142LEMBaPoder (Ciencias sociales)xHistoria142LEMBaHistoria universal1 aCooper, Frederickd1947-9736831 aRabasseda, Juanetraductor91002641 aLozoya, Teófilodtraductor973685 2ddccBK aBarcelonabCríticac2012 atextobtxt2rdacontent asin mediaciónbn2rdamedia avolumenbnc2rdacarrier aCO-BoRNBPbspaerdacCO-BoRNBP c7073d7073 00102ddc40708GENaMECASARIbMECASARIcGENd2024-11-10l0o321.03 - B87IpBM0001202r2024-11-10 16:03:05tEj.1w2024-11-10yBK